000 00988nac a22002777a 4500
001 BR7602005
003 BR-BrBNA
005 20240105113934.0
008 230509b bl.|||m| |||| 00| 0 por d
040 _aBR-BrBNA
_bpor
_cBiblioteca Nacional de Agricultura
072 _aM10
090 _a8150 BR7602005
100 1 _aMelo, M.J. de (comp.)
110 1 _aPrograma de Pesquisa e Desenvolvimento Pesqueiro do Brasil, Brasilia, DF
_97975
245 1 _aSumario das exploracoes com arrasto de meia agua na costa Sul do Brasil [Peixe marinho; Manjuba; Engraulis anchoita; Rio Grande do Sul]
260 3 _aBrasilia, DF (Brasil):
_c1976.
300 _a18 p.
490 _aNavio de Pesquisa Cruz del Sur. Relatorio Sintese (Brazil)
_v
_x
500 _a8 illus.; 6 ref.; Summaries (En, Pt)
650 _aProducao pesqueira
650 _aPeixe marinho
650 _aCAPTURA
650 _aRio Grande do Sul
909 _a202312
_bLúcia Elande
_c55
_dLúcia Elande
942 _2AGRIS
_n0
_cMS
999 _c266460
_d266460